000 01247nam a2200337 i 4500
001 12755
003 ES-MaACL
005 20230906150405.0
007 t|
008 891010s1988 sp |||| | spa j
020 _a84-505-7785-3
080 _a327(649:6-15)"18/19"(063)
080 _a327(6-15:649)"18/19"(063)
080 _a327(460:6-15)"18/19"(063)
080 _a327(6-15:460)"18/19"(063)
111 2 _aAula Canarias y el Noroeste de África (
_n2ª.
_d1986.
_cGran Canaria)
_937
245 1 0 _aII Aula Canarias y el Noroeste de Africa (1986) /
_ccoordinación y prólogo, Victor Morales Lezcano.
250 _a1ª ed.
260 _a[Las Palmas de Gran Canaria] :
_bCabildo Insular,
_c1988.
300 _a555 p. ;
_c24 cm.
490 1 _aGeografía e historia
651 4 _aCanarias-
_xRelaciones-
_zÁfrica occidental.
_97958
651 4 _aEspaña-
_xRelaciones-
_zÁfrica occidental.
_9169427
651 4 _aÁfrica occidental-
_xRelaciones-
_zCanarias.
_97602
651 4 _aÁfrica occidental-
_xRelaciones-
_zEspaña.
_9169428
700 1 _aMorales Lezcano, Víctor.
_983046
710 1 _aGran Canaria.
_bCabildo Insular.
_92264
830 0 _aGeografía e historia
_9179820
852 _aES-MaACL
_jL-20009
999 _c12755
_d12755